=LDR 00000nam 2200000 4500 =001 INLIS000000000029104 =005 20130612131350 =008 ***********************************Ind** =035 ##$$0010-061300000029104 =041 ##$$a Ind =082 ##$$a 640 =090 ##$$a 640, Rid t =100 ##$$a Ridha, Akram =245 ##$$a To bring back a warmth to our home = menghadirkan kembali kehangatan dalam rumah tangga kita, oleh DR. Akram Ridha =260 ##$$a 2007 $b Surakarta =300 ##$$a 190 hlm, ilus, 19 cm =650 ##$$a Rumah Tangga =850 ##$$a NBPNMAT